| 000 | 01470nam a2200349 i 4500 | ||
|---|---|---|---|
| 003 | EG-GICUC | ||
| 005 | 20260423110559.0 | ||
| 008 | 260423s1926 fr fr|||| 001 0 fre d | ||
| 040 |
_aEG-GiCUC _bfre _cEG-GiCUC _dEG-GiCUC _eRda |
||
| 041 | 0 | _afre | |
| 082 | 0 | 4 |
_221 _a343.8 _bGA . P |
| 092 | 0 | 4 | _221 |
| 099 | _aLaw1 10 343.8 GA . P 1 ed - 1926 | ||
| 100 | 1 |
_a Garraud, R. _eAuteur |
|
| 245 |
_aPrécis De Droit Criminel: _b Contenant L'explication Élémentaire De La Partie Générale Du Code Pénal Du Code D'instruction Criminelle Et Des Lois Qui Ont Modifié Ces Deux Codes, _cPar R. Garraud ;Pierre Garraud |
||
| 250 |
_aQuatorzième Édition, _b Revue Et Corrigée. |
||
| 264 |
_aParis : _b Société Anonyme Du Recueil Sirey, _c1926. |
||
| 300 |
_a1118 page ; _c 24 cm. |
||
| 336 |
_2rda contenu _a texte |
||
| 337 |
_2rda medias _aOrdinateur |
||
| 338 |
_2 transporteur rda _a Ressource en ligne |
||
| 500 | _aPar R. Garraud (Correspondant De L'institut, Professeur Honoraire De L'université De Lyon, Ancien Bâtonnier De L'ordre Des Avocats). | ||
| 500 | _aPierre Garraud Fropesseur De Droit Criminel A La Faculté De Droit De L'université De Lyon. | ||
| 546 | _aTexte en français | ||
| 650 | 1 | 4 |
_aDroit pénal. _2qrmak |
| 651 | 1 | _2qrmak | |
| 700 | 1 |
_a Garraud, Pierre, _eContributeur |
|
| 710 | _a Recueil Sirey (Paris). | ||
| 856 | 4 | 0 | _uhttps://fll.law.cu.edu.eg/fulltext/bks/B10-11301.pdf |
| 905 | _a171 | ||
| 942 |
_2ddc _cBK _e21 _n0 |
||
| 999 |
_c72982 _d72982 |
||